Word Ladder: South Park Creators Quiz Stats

 Plays Quiz Updated Feb 9, 2013

Support Sporcle.
Go Orange.
Score 0/9 Timer 01:00
2 Plays Today
Clue 4-Letter Word % Correct
What snow will do in the springMELT
96.6%
Decorate this for ChristmasTREE
92.7%
A type of vinegar or milkshakeMALT
92.4%
Cloth sometimes used for puppets and pool tablesFELT
91.5%
Live ____ or Die (New Hampshire motto)FREE
90.3%
Bipedal mammals have twoFEET
90.2%
To worry (maybe about a guitar)FRET
86.8%
_____ ParkerTREY
79.3%
_____ StoneMATT
75.1%

Today's Daily Dose

Quick Pick
Nissan Models

Get the Picture
Amazing Trees

From the Vault

25 Iconic Movie Moments III

by Chicken_Dipper

Movies 10m
Even if you haven't seen the movie, you'll know the scene.
Remove Ads.
Support Sporcle.
Get the best of Sporcle when you Go Orange. This ad-free experience offers more features, more stats, and more fun while also helping to support Sporcle. Thank you for becoming a member.

Show Comments

Extras

Top Quizzes Today


Score Distribution

Your Account Isn't Verified!

In order to create a playlist on Sporcle, you need to verify the email address you used during registration. Go to your Sporcle Settings to finish the process.

Report this User

Report this user for behavior that violates our Community Guidelines.

Details: